11 Citations - Citez leur Auteur - Statistiques

Statistiques générales
  • Ce quiz a été pris 156 fois
  • Le résultat moyen est 4 sur 11
Statistiques - réponses
Citation Auteur % Correct
"Veni, vidi, vici" ("Je suis venu, j'ai vu, j'ai vaincu") Jules César
88%
"Je pense donc je suis" René Descartes
88%
"L’enfer, c’est les Autres" Jean-Paul Sartre
69%
"Deux choses sont infinies : l'Univers et la bêtise humaine. Mais en ce qui concerne l'Univers, je n'en ai pas encore acquis la certitude absolue" Albert Einstein
40%
"L’imagination est plus importante que le savoir" Albert Einstein
23%
"Science sans conscience n'est que ruine de l'âme" François Rabelais
20%
"Fais de ta vie un rêve, et d'un rêve, une réalité" Antoine de Saint-Exupéry
13%
"Quand on voit c’qu’on voit, puis qu’on entend c’qu’on entend, on a raison d’penser c’qu’on pense." Coluche (Michel Colucci)
13%
"Quand on veut on peut, quand on peut on doit" Napoléon Bonaparte
8%
"Dieu se rit des hommes qui déplorent les effets dont ils chérissent les causes" Jacques-Bénigne Bossuet
4%
"Il n'y a point de pires sourds que ceux qui ne veulent pas entendre" Molière (Jean-Baptiste Poquelin)
3%
Aucun quiz correspondant
Distribution des résultats
% des personnes avec chaque résultat
Percentile par nombre de réponses
Votre historique - résultats
Vous n’avez pas pris ce quiz